00350pab a2200121 454500008004000000100001700040245008500057260000900142300001600151650001800167700001700185773002600202180718b2009 xxu||||| |||| 00| 0 eng d aHowell, Jude aChanging donor policy and practice in civil society in the post-9/11 aid context c2009 ap.1279-296. aCivil society aLind, Jeremy aThird World Quarterly